000 00953nam a22003137a 4500
003 CHAP
005 20220817041012.0
008 971013s r 00010 d
010 _a4311
011 _a5283
035 _a4490
040 _cCHAP
090 _aFolleto 12714
110 _aSistema Nacional para el Abasto. México
_9106728
245 _aSNA
260 _aMéxico, D.F. :
_bEl Sistema,
_c[19- ?]
300 _aHoja desplegable
_b: ilus
500 _a53/154
590 _aBATCH-UPD
_b10
_c20130110
_lUCH01
_h1046
590 _aBATCH-UPD
_b10
_c20130410
_lUCH01
_h0644
590 _aBATCH-UPD
_b10
_c20130914
_lUCH01
_h0117
590 _aCONVERSION
_b10
_c20130109
_lUCH01
_h1304
650 1 4 _aAlimentos
_xAbastecimiento.
650 1 4 _aAlimentos
_xConsumo
_zMexico.
_94203
650 1 4 _aProductos agrícolas
_xAspectos económicos
_zMéxico.
_991919
901 _aBK
942 _cFOLL
949 _aFolleto 12714
_bBC
_cFOLL
_d-14037
_eTS1
_i4490
_si
999 _c4311
_d4311